Personnalités au hasard #78 - Statistiques

Statistiques générales
  • Ce quiz a été pris 137 fois
  • Le résultat moyen est 9 sur 32
Statistiques - réponses
Par images Réponse % Correct
Matt Damon
69%
Francis Lalanne
55%
Bukayo Saka
54%
Mathieu Kassovitz
53%
Martin Ødegaard
49%
Gavi
46%
Jiraya
46%
Allan Saint-Maximin
42%
Michael Jones
40%
Auguste
39%
Ruby Nikara
39%
Álex Grimaldo
35%
Gilbert Collard
31%
Jbzz
30%
Florence Pugh
25%
Viggo Mortensen
25%
Mila Kunis
23%
Jacques Mesrine
22%
Martin Freeman
20%
Elisa De Almeida
18%
Jim Parsons
18%
Missak Manouchian
18%
Périclès
18%
Henri II
15%
Catherine Benguigui
11%
Madame de Pompadour
11%
Saïd Taghmaoui
11%
Benjamin Millepied
10%
Jean-Baptiste Djebbari
10%
Luis Rubiales
10%
Marie Stuart
9%
Fabrice d'Almeida
2%
Aucun quiz correspondant
Distribution des résultats
% des personnes avec chaque résultat
Percentile par nombre de réponses
Votre historique - résultats
Vous n’avez pas pris ce quiz